[Event "Moscow op-E"]
[Site "Moscow"]
[Date "2011.02.04"]
[Round "7.216"]
[White "Abramova, Yulia"]
[Black "Isakov, Sergey"]
[Result "1-0"]
[WhiteElo "2052"]
[BlackElo "1849"]
[PlyCount "63"]
[EventDate "2011.01.29"]
[EventType "swiss"]
[EventRounds "9"]
[EventCountry "RUS"]
[SourceTitle "EXT 2022"]
[Source "ChessBase"]
[SourceDate "2021.10.06"]
[SourceVersion "1"]
[SourceVersionDate "2021.10.06"]
[SourceQuality "1"]

1. e4 c5 2. Nf3 d6 3. d4 cxd4 4. Qxd4 Nc6 5. Bb5 Bd7 6. Bxc6 Bxc6 7. Nc3 e5 8. Qd3 Nf6 9. Bg5 Be7 10. 0-0-0 Ng4 11. Bxe7 Qxe7 12. Qe2 Nf6 13. Rd2 0-0 14. h4 h6 15. Ne1 Qe6 16. Nf3 Rfd8 17. Ng5 Qg4 18. f3 Qd7 19. Nh3 Nh5 20. Rhd1 Qe6 21. g4 Nf4 22. Nxf4 exf4 23. Kb1 Rd7 24. Nd5 Qe5 25. Qh2 g5 26. hxg5 hxg5 27. Qh6 f6 28. Nxf6+ Kf7 29. Nxd7 Bxd7 30. Rxd6 Be6 31. Qh7+ Kf6 32. Qf5+ 1-0

[Event "Moscow op-E"]
[Site "Moscow"]
[Date "2011.02.03"]
[Round "6.255"]
[White "Isakov, Sergey"]
[Black "Rodnov, Sergey"]
[Result "1-0"]
[WhiteElo "1849"]
[BlackElo "1506"]
[PlyCount "105"]
[EventDate "2011.01.29"]
[EventType "swiss"]
[EventRounds "9"]
[EventCountry "RUS"]
[SourceTitle "EXT 2022"]
[Source "ChessBase"]
[SourceDate "2021.10.06"]
[SourceVersion "1"]
[SourceVersionDate "2021.10.06"]
[SourceQuality "1"]

1. d4 Nf6 2. c4 c6 3. g3 d5 4. cxd5 Qa5+ 5. Nc3 Nxd5 6. Bd2 Be6 7. e4 Nf6 8. h3 g6 9. Rc1 Bg7 10. d5 Bd7 11. Na4 Qd8 12. Bg2 0-0 13. Ne2 cxd5 14. exd5 Bxa4 15. Qxa4 Nxd5 16. Rd1 e6 17. Ba5 Qg5 18. 0-0 Nc6 19. Bd2 Qe7 20. Qb3 Rfd8 21. Nc3 Nd4 22. Nxd5 exd5 23. Bb4 Qd7 24. Qd3 Nc6 25. Bc3 d4 26. Bd2 Rac8 27. f4 Re8 28. Kh2 Re6 29. Rfe1 Rce8 30. Rxe6 fxe6 31. a3 Kh8 32. Bf3 e5 33. Be4 exf4 34. gxf4 Ne7 35. Rg1 Nf5 36. Re1 Nd6 37. Bf3 Rxe1 38. Bxe1 Nf5 39. Bf2 b5 40. Be2 a6 41. Qe4 Bh6 42. Qe5+ Kg8 43. Bf3 Bg7 44. Bd5+ Kf8 45. Qe4 Ne3 46. Be6 Qa7 47. Bh4 Nf1+ 48. Kg2 Ne3+ 49. Kf3 Nc4 50. Qc6 Qb8 51. Qd7 Qe8 52. Qd5 d3 53. Qc5+ 1-0